Normal view
MARC view
- Dallmayr, Fred
Entry Personal Name
001 - CONTROL NUMBER
- control field: 1668
003 - CONTROL NUMBER IDENTIFIER
- control field: OSt
005 - DATE AND TIME OF LATEST TRANSACTION
- control field: 20170505094118.0
008 - FIXED-LENGTH DATA ELEMENTS
- fixed length control field: 170505|| aca||aabn | a|a d
040 ## - CATALOGING SOURCE
- Original cataloging agency: OSt
- Transcribing agency: OSt
100 ## - HEADING--PERSONAL NAME
- Personal name: Dallmayr, Fred
670 ## - SOURCE DATA FOUND
- Source citation: Work cat.: (OSt)0: Dallmayr, Fred, Post-secular faith :, 2008

PORTAL AKMAL
E-MEL JKDM
AKMAL2U
G-BAM
u-PUSTAKA